Statistics for every country in the world (alphabetically)

Click here to take the quiz!

General Stats

  • This quiz has been taken 378 times
    (335 since last reset)
  • The average score is 78 of 196

Answer Stats

1st 2 lettersAnswer% Correct
AFAfghanistan
95%
ALAlbania
93%
ALAlgeria
91%
ANAndorra
76%
AUAustralia
73%
AZAzerbaijan
73%
AUAustria
70%
ANAngola
68%
ARArmenia
64%
BABahrain
62%
BHBhutan
62%
ANAntigua And Barbuda
61%
ARArgentina
59%
CZCzech Republic
59%
FRFrance
58%
DJDjibouti
57%
DEDenmark
55%
ESEstonia
55%
BEBelize
54%
ECEcuador
54%
GHGhana
54%
BOBolivia
53%
FIFinland
53%
BRBrunei
52%
EREritrea
52%
BABahamas
51%
BUBurundi
51%
CACanada
51%
BABarbados
50%
BEBelgium
50%
BEBenin
50%
CYCyprus
50%
EQEquatorial Guinea
50%
GAGabon
50%
GEGermany
50%
INIndia
50%
ITItaly
50%
JAJamaica
50%
LALatvia
50%
RWRwanda
50%
YEYemen
50%
BRBrazil
49%
CHChile
49%
CHChina
49%
CRCroatia
49%
ICIceland
49%
UZUzbekistan
49%
ZIZimbabwe
49%
DODominica
48%
DODominican Republic
48%
ELEl Salvador
48%
FIFiji
48%
IRIreland
48%
KOKosovo
48%
MYMyanmar
48%
COColombia
47%
EAEast Timor
47%
GUGuyana
46%
HUHungary
46%
INIndonesia
46%
LELebanon
46%
LILithuania
46%
QAQatar
46%
ZAZambia
46%
BABangladesh
45%
BOBosnia And Herzegovina
45%
HOHonduras
45%
IRIran
45%
IRIraq
45%
KUKuwait
45%
UKUkraine
45%
BOBotswana
44%
CACameroon
44%
COComoros
44%
HAHaiti
44%
JAJapan
44%
JOJordan
44%
KEKenya
44%
KIKiribati
44%
KO/NONorth Korea
44%
OMOman
44%
KO/SOSouth Korea
44%
UGUganda
44%
BEBelarus
43%
TAITaiwan
43%
GAGambia
42%
GRGrenada
42%
SLSlovakia
42%
SLSlovenia
42%
CACambodia
41%
ETEthiopia
41%
RORomania
41%
SWSwaziland
41%
THThailand
41%
BUBulgaria
40%
DE&CODemocratic Republic of the Congo
40%
KYKyrgyzstan
40%
SWSweden
40%
SYSyria
40%
TUTuvalu
40%
ISIsrael
39%
UNUnited Kingdom
39%
VEVenezuela
39%
GUGuinea
38%
KAKazakhstan
38%
MAMacedonia
38%
NANamibia
38%
RURussia
38%
URUruguay
38%
GUGuatemala
37%
SPSpain
37%
UNUnited States
37%
LULuxembourg
36%
CHChad
35%
EGEgypt
35%
LELesotho
35%
SWSwitzerland
35%
BUBurkina Faso
34%
MAMauritania
34%
SUSuriname
34%
CECentral African Republic
33%
CUCuba
33%
GUGuinea-Bissau
33%
LALaos
33%
MAMali
33%
MAMauritius
33%
NINiger
33%
NINigeria
33%
TOTogo
33%
VAVanuatu
33%
LILiberia
32%
LILibya
32%
MOMoldova
32%
MOMonaco
32%
NONorway
32%
PAPakistan
32%
PAPalau
32%
POPoland
32%
TRTrinidad and Tobago
32%
VIVietnam
32%
CACape Verde
31%
GEGeorgia
31%
GRGreece
31%
MAMadagascar
31%
MAMalawi
31%
NINicaragua
31%
PHPhilippines
31%
SRSri Lanka
31%
SUSudan
31%
COCongo
30%
NANauru
30%
UNUnited Arab Emirates
30%
PAParaguay
29%
SESenegal
29%
TOTonga
29%
MEMexico
28%
MOMontenegro
28%
TUTurkey
28%
TUTurkmenistan
28%
LILiechtenstein
27%
MAMalta
27%
MOMozambique
27%
PEPeru
27%
SESerbia
27%
VAVatican City
27%
MAMaldives
26%
MIMicronesia
26%
MOMongolia
26%
NENetherlands
26%
NENew Zealand
26%
POPortugal
26%
MOMorocco
25%
NENepal
25%
SOSouth Sudan
25%
COCosta Rica
24%
SISingapore
24%
MAMalaysia
23%
PAPanama
23%
TATanzania
23%
SA/STSaint Kitts and Nevis
21%
SA/STSaint Lucia
21%
SESeychelles
21%
SOSolomon Islands
21%
SOSomalia
21%
TATajikistan
21%
TUTunisia
20%
SA/STSaint Vincent and the Grenadines
18%
SASamoa
18%
SISierra Leone
18%
COCote D'ivoire
17%
PAPapua New Guinea
17%
SASan Marino
17%
SOSouth Africa
17%
MAMarshall Islands
15%
SASaudi Arabia
12%
SASao Tome and Principe
9%

Score Distribution

Percentile by Number Answered

Percent of People with Each Score

Your Score History

You have not taken this quiz since the last reset